Statistics for Dax Shepard Filmography

Click here to take the quiz!

General Stats

  • This quiz has been taken 11 times
    (3 since last reset)
  • The average score is 5 of 76

Answer Stats

TypeYearName% Correct
Film2017CHiPs
67%
TV Show2015Parks and Recreation
67%
TV Show2018The Good Place
67%
Video Game2005Zathura
67%
Film2005Zathura: A Space Adventure
67%
Film2003Cheaper by the Dozen
33%
Film2006Idiocracy
33%
TV Show2005, 2016, 2021Robot Chicken
33%
Film2016The Boss
33%
Film2014Veronica Mars
33%
Film2004Without a Paddle
33%
TV Show2014, 2015About a Boy
0%
Podcast2018-PresentArmchair Expert with Dax Shepard
0%
Film2008Baby Mama
0%
TV Show2019-2020Bless This Mess
0%
Film2010Brother's Justice (The Attempted Making of)
0%
Film2019Buddy Games
0%
TV Show2015Comedy Bang! Bang!
0%
Film2005Confessions of an Action Star
0%
Short Film2007Cutlass
0%
Podcast2023Eff Won with DRS
0%
Film2017El Camino Christmas
0%
Film2006Employee of the Month
0%
TV Show2021-2022Family Game Fight
0%
TV Show2017Ghosted
0%
TV Show2011Good Vibes
0%
Film1998Hairshirt
0%
TV Show2007Halfway Home
0%
Commercial2020-2022Hello Bello
0%
Film2012Hit and Run
0%
TV Show2013Hollywood Game Night
0%
TV Show2021HouseBroken
0%
TV Special2017Inside Kristen Bell and Dax Shepard Game Night
0%
TV Show2015It's Always Sunny in Philadelphia
0%
TV Mini-Series2020Jeopardy! The Greatest of All Time
0%
TV Show2004, 2006, 2008King of the Hill
0%
TV Show2013Le Débarquement
0%
Film2006Let's Go to Prison
0%
TV Show2004Life with Bonnie
0%
Commercial2019Lightlife Burger
0%
Commercial2003Miller Lite
0%
Short Film2015Motorcycle vs. Car Drift Battle 4
0%
TV Show2005My Name Is Earl
0%
Film2009Old Dogs
0%
TV Show2010-2015Parenthood
0%
Film2021PAW Patrol: The Movie
0%
Commercial2018-2020Prostate Cancer Foundation
0%
TV Show2003, 2004, 2007, 2012Punk'd
0%
Short Film2010Reunited
0%
Web Series2019Ryan Hansen Solves Crimes on TV
0%
Commercial2014-2016Samsung
0%
Music Video2017Santa's Coming for Us
0%
Short Film2010Shrink Test
0%
Music Video2003Shut Up
0%
Film2008Smother
0%
TV Show2019Spin the Wheel
0%
Web Series2022Stoner Cats
0%
TV Show2017SuperMansion
0%
TV Show2016Terrific Trucks
0%
Film2007The Comebacks
0%
Web Series2018The Final Table
0%
Film2010The Freebie
0%
TV Show2009The Goode Family
0%
Film2014The Judge
0%
TV Show2009The Midnight Show
0%
TV Show2007The Naked Trucker and T-Bones Show
0%
Web Series2018-2020The Ranch
0%
Film2014This Is Where I Leave You
0%
TV Show2020-PresentTop Gear America
0%
TV Show2008UCB Comedy Originals
0%
Web Series2021Ultra City Smiths
0%
Commercial2019Visit California
0%
TV Show2014, 2015Web Therapy
0%
Web Series2014Web Therapy
0%
Web Series2017Wet Hot American Summer: Ten Years Later
0%
Film2010When in Rome
0%

Score Distribution

Percentile by Number Answered

Percent of People with Each Score

Your Score History

You have not taken this quiz since the last reset